[Event "IECC Swiss email"]
[Site "IECC email"]
[Date "2002.05.26"]
[Round "?"]
[White "Marci, Varga"]
[Black "Butcher, Matt"]
[Result "1-0"]
[WhiteElo "1041"]
[BlackElo "1500"]
[PlyCount "61"]
[EventDate "2002.??.??"]
[EventType "tourn (corr)"]
[EventRounds "6"]
[SourceTitle "Corr 2008"]
[Source "ChessBase"]
[SourceDate "2008.06.24"]
[SourceVersion "1"]
[SourceVersionDate "2008.06.24"]
[SourceQuality "1"]

1. Nf3 d5 2. d4 f6 3. Bf4 b6 4. Nbd2 e6 5. e4 c6 6. Bd3 Ba6 7. Bxa6 Nxa6 8. c3 g5 9. Nxg5 fxg5 10. Qh5+ Kd7 11. Be5 Nf6 12. Qf7+ Qe7 13. Qxf6 Qxf6 14. Bxf6 Rg8 15. 0-0-0 Bh6 16. g4 Raf8 17. e5 c5 18. Nf3 c4 19. h4 gxh4+ 20. g5 Bg7 21. Rxh4 Nc7 22. Rxh7 Ne8 23. Nh4 Rh8 24. Rxg7+ Nxg7 25. Ng6 Nh5 26. Nxh8 Nxf6 27. exf6 Rxh8 28. g6 Ke8 29. Re1 Kd7 30. f7 Ke7 31. g7 1-0